Science Quiz

Random Science Quiz

Buzzword - Repro Quiz Stats

 Plays Quiz not verified by Sporcle

Challenge
Share
Tweet
Embed
Score 0/115 Timer 20:00
0 Plays Today
Buzzword Disease % Correct
MC site of prostatic metastasis (other than lymph nodes)Bone
75%
Prepubertal arrest phase for oocytesProphase 1
75%
Friable solid yellow massEndodermal Sinus Carcinoma
75%
New onset maternal HTN >20 wk gestationPreeclampsia
75%
Schiller-Duval bodiesEndodermal Sinus Carcinoma
50%
Reproductive disorder w/ anosmiaKallman Syndrome
50%
Red velvety plaque on glans penisErythroplasia of Queyrat
50%
MCC of balantitisCandida spp
50%
MC-ly affected lobe in prostatic cancerPosterior Lobe
50%
Whorled smooth muscle bundlesLeiomyoma
50%
Choriocarcinoma: MC site of metsLung
50%
Ovarian fibroma, ascites, pleural effusionMeig's Syndrome
50%
Persistent vitelline ductMeckel's Diverticulum
50%
Ectopic gastric/pancreatic epitheliumMeckel's Diverticulum
50%
Quad-screen: Neural Tube Defect (AFP level H/L)High
50%
Quad-screen: Trisomy 18 ([AFP]-[Estriol]-[hCG]-[Inhibin A]; e.g. L-H-H-L)L-L-L-L
50%
Twin Type: > 12 daysConjoined Twin / Death
50%
Molar pregnancy w/ no fetal partsComplete
50%
Painless vaginal bleeding in 3rd trimesterPlacenta Previa
50%
Fetal blood vessels covering cervical osVasa Previa
50%
Tx for eclamptic seizureIV Magnesium
50%
MC testicular CASeminoma
25%
Testicular CA w/ 'fried egg' cellsSeminoma
25%
MC testicular CA in age < 3Endodermal Sinus Carcinoma
25%
Glomerulus-like w/ mesodermal core, central capillaryEndodermal Sinus Carcinoma
25%
Testicular/Ovarian CA w/ elevated AFPEndodermal Sinus Carcinoma
25%
Disorganized syncytiotrophoblast & cystotrophoblastChoriocarcinoma
25%
Testicular/Ovarian CA w/ elevated hCGChoriocarcinoma
25%
Reinke CrystalsLeydig Cell Tumor
25%
Testicular mass w/ elevated testosterone & estrogenLeydig Cell Tumor
25%
Assoc'd w/ Peutz-Jegher SyndromeSertoli Cell Tumor
25%
MC testicular CA in elderlyTesticular Lymphoma
25%
Neonate w/ bilateral lumps in labia majoraAndrogen Insensitivity Syndrome
25%
Pt w/ ambiguous genitalia that undergo normal masculinization during puberty5a Reductase Deficiency
25%
MCC of epididymitis in Gonococcus & Chlamydia
25%
Absence of cremasteric reflexTesticular Torsion
25%
MC-ly affected lobes in BPH (2)Lateral & MIddle Lobes
25%
Androgen receptor blockerFlutamide
25%
Midcycle pain d/ to peritoneal irritation by serous fluid leakMittelschmerz
25%
Buzzword Disease % Correct
Arrest phase eggs are released inMetaphase 2
25%
'Feels like sitting on an egg'Pelvic Prolapse
25%
Spasm of pelvic musclesVaginismus
25%
Vaginal gland inflammation & allodyniaVestibulitis
25%
Target of HPV E6 proteinp53
25%
Target of HPV E7 proteinRb
25%
MC complication of advanced CINUreteral obstruction
25%
Ovarian cyst filled with dark bloodEndometrioma
25%
Most common region of leiomyomaIntramural
25%
Bulky irregular mass in uterusLeiomyosarcoma
25%
High FSH in women < 40 yo w/ amenorrheaPremature Ovarian Failure
25%
High LH/FSH ratioPolycystic Ovarian Syndrome
25%
Serous ovarian cyst w/ thin wallFunctional Ovarian Cyst
25%
Ovarian cancer tumor marker for monitoring treatmentCA-125
25%
MC epithelial ovarian cancerSerous Cystadenoma
25%
Unilocular ovarian cyst lined by ciliated epitheliumSerous Cystadenoma
25%
Intraperitoneal mucinous materialMucinous Cystadenocarcinoma
25%
Sheets of uniform cellsDysgerminoma
25%
Ovarian cancer assoc'd w/ Turner SyndromeDysgerminoma
25%
Mucin secreting signet ring cellsKrukenberg Tumor
25%
Cellular arrangement resembling primordial folliclesGranulosa-Theca Cell Tumor
25%
Urine from umbilicusPatent uracus
25%
Quad-screen: Trisomy 21 ([AFP]-[Estriol]-[hCG]-[Inhibin A]; e.g. L-H-H-L)L-L-H-H
25%
Evaluate fetal lung maturityLecithin:Sphingomyelin Ratio
25%
Twin Type:4-8 days (blastocyst stage)Monochorionic Diamniotic
25%
Twin Type: < 4 days (morula stage)Dichorionic Diamniotic
25%
Pregnancy w/ very high hCG & large uterusComplete Molar Pregnancy
25%
US: SnowstormComplete Molar Pregnancy
25%
Pregnancy w/ high hCG but NL uterusPartial Molar Pregnancy
25%
Fertilization of 1 egg, followed by duplication of paternal chromosomesComplete Molar Pregnancy
25%
Fertilization of 1 egg w/ 2 spermsPartial Molar Pregnancy
25%
Hydropic villiHydatidiform Mole
25%
Painful vaginal bleeding in 3rd trimesterPlacenta Abruptio
25%
Chorionic villi that invade myometriumPlacenta increta
25%
Posterior urethral valves in male embryoOligohydramnios
25%
Oligohydramnios, limb/facial deformity, pulmonary hypoplasiaPotter Syndrome
25%
Pregnancy w/ anemia, RUQ pain/jaundice, easy bruisabilityHELLP Syndrome
25%
Testicular CA w/ worst prognosisEmbryonal Carcinoma
0%
Painful tumorEmbryonal Carcinoma
0%
Buzzword Disease % Correct
Testicular CA w/ glandular/papillary appearanceEmbryonal Carcinoma
0%
Testicular CA most likely to spread hematogenouslyChoriocarcinoma
0%
Golden brown testicular tumorLeydig Cell Tumor
0%
Testicular mass w/ elevated estrogen (NL testosterone)Sertoli Cell Tumor
0%
Assoc'd w/ Carney SyndromeSertoli Cell Tumor
0%
Phenotypical female w/ blind vaginaAndrogen Insensitivity Syndrome
0%
Female w/ primary amenorrheaKallman Syndrome
0%
MCC of epididymitis in >35 yoGI flora
0%
Grey solitary crusty plaque on shift of penisBowen Disease
0%
Inflammation & fibrosis of tunica albugineaPeyronie Disease
0%
Grape like vaginal protrusionSarcoma botryoides
0%
Mild androgen agonist (historical use in endometriosis)Danazol
0%
Post-menopausal bleedEndometrial Cancer
0%
Multiple uterine masses w/ well demarcated bordersLeiomyoma
0%
Spindle shaped cells w/ multiple mitotic cellsLeiomyosarcoma
0%
US: String of pearlsPolycystic Ovarian Syndrome
0%
Partial estrogen receptor agonistClomiphene
0%
Aromatase inhibitorLetrozole
0%
Ovarian cyst w/ psammoma bodiesSerous Adenocarcinoma
0%
Large multilocular cyst w/ intestinal type epitheliumMucinous Cystadenoma
0%
Encapsulated solid unilateral ovarian tumorBrennor Tumor
0%
Coffee bean nucleiBrennor Tumor
0%
Cyst lined by transitional epithelium-like cellsBrennor Tumor
0%
MC ovarian germ cell tumorTeratoma
0%
Large vesicular cells w/ central nucleus & clear cytoplasmDysgerminoma
0%
Elevated LDH & hCGDysgerminoma
0%
Very large ovarian tumor w/ virilizationSertoli-Leydig Cell Tumor
0%
Call-Exner BodiesGranulosa-Theca Cell Tumor
0%
Painless rectal bleeding in neonateMeckel's Diverticulum
0%
Early pregnancy hyperglycemiaCaudal Regression Syndrome (also heart defect & neural tube defect)
0%
Vaginal bleed w/ uterine ruptureComplete Molar Pregnancy
0%
Twin Type: 9-12 days (splitting of embryonic disc)Monochorionic Monoamniotic
0%
Risk for choriocarcinoma & malignant trophoblastic dzComplete Molar Pregnancy
0%
Cannot deliver placenta post-deliveryPlacenta accreta
0%
Chorionic villie that perforate uterusPlacenta percreta
0%
Kleinhauer-Betke TestPlacenta Abruptio
0%
New onset maternal HTN Complete Molar Pregnancy
0%

You're not logged in!

Compare scores with friends on all Sporcle quizzes.
OR
Log In

You Might Also Like...

Show Comments

Extras

Created Jun 7, 2016ReportNominate
Tags:buzzword, disease

Top Quizzes Today


Score Distribution

Your Account Isn't Verified!

In order to create a playlist on Sporcle, you need to verify the email address you used during registration. Go to your Sporcle Settings to finish the process.

Report this User

Report this user for behavior that violates our Community Guidelines.

Details: